000 00831nam a2200277 i 4500
001 88823
003 ES-MaACL
005 20250728103612.0
007 t|
008 041209s1988 sp ||||1| spa d
020 _a84-7600-264-5
080 _a21
080 _a17
100 1 _aNietzsche, Friedrich,
_d1844-1900
_985718
245 1 3 _aLa gaya ciencia /
_cFriedrich Nietzsche ; traducción y prólogo Charo Crego y Ger Groot.
260 _aTorrejón de Ardoz :
_bAkal,
_c[1988]
300 _a327 p. ;
_c18 cm.
490 1 _aAkal bolsillo ;
_v191
650 4 _aReligión-
_xFilosofía
_916799
650 1 7 _aÉtica
_2embne
_912577
700 1 _aCrego, Charo.
_941474
700 1 _aGroot, Ger.
_960142
830 0 0 _aAkal bolsillo
_v191
_9178001
852 _aES-MaACL
_jE-10663
_bR.134736
999 _c88823
_d88823